Southville International School and Colleges
Your cart is empty.
  • Cart
  • Lists
    Public lists Eva Luna New books Lux_list list_1
    Your lists Log in to create your own lists
  • Log in to your account
  • Your cookies
  • Search history
Southville International School and Colleges
  • Advanced search
  • Recent comments
  • Most popular
  • Libraries

Log in to your account

Log in with GOOGLE


If you do not have an external account, but do have a local account, you can still log in:

  1. Home
  2. MARC view: Why our schools need the arts /
Normal view MARC view ISBD view

Why our schools need the arts / (Record no. 22435)

[ view plain ]
MARC details
000 -LEADER
fixed length control field 01350nam a2200217 a 4500
005 - DATE AND TIME OF LATEST TRANSACTION
control field 20140310183407.0
008 - FIXED-LENGTH DATA ELEMENTS--GENERAL INFORMATION
fixed length control field 121018s19uu xx 00 eng d
020 ## - INTERNATIONAL STANDARD BOOK NUMBER
International Standard Book Number 9780807748343
050 ## - LIBRARY OF CONGRESS CALL NUMBER
Classification number LB 1591.5.U57
Item number .D38 2008
100 ## - MAIN ENTRY--PERSONAL NAME
Personal name Davis, Jessica Hoffmann
245 ## - TITLE STATEMENT
Title Why our schools need the arts /
Statement of responsibility, etc Jessica Hoffmann Davis.
260 ## - PUBLICATION, DISTRIBUTION, ETC. (IMPRINT)
Place of publication, distribution, etc New York, United States :
Name of publisher, distributor, etc Teachers College Press,
Date of publication, distribution, etc 2008.
300 ## - PHYSICAL DESCRIPTION
Extent ix, 150 p. :
Dimensions 23 cm.
500 ## - GENERAL NOTE
General note Includes index
520 ## - SUMMARY, ETC.
Summary, etc This inspiring book leads the way to a new kind of advocacy-one that stops justifying the arts as useful to learning other subjects, and argues instead for the powerful lessons that the arts, like no other subject, teach our kids. Jessica Hoffmann Davis, a leading voice in the field of arts education, offers a set of principles and tools that will be invaluable to advocates already working hard to make the case and secure a strong place for the arts in education. She also reaches out to those who care deeply about education but have yet to consider what the arts uniquely provide. This book is for anyone willing to brave a new terrain in which the arts are finally embraced without apology.
521 ## - TARGET AUDIENCE NOTE
Target audience note
650 ## - SUBJECT ADDED ENTRY--TOPICAL TERM
Topical term or geographic name as entry element Art
General subdivision Study and teaching
-- United States
650 ## - SUBJECT ADDED ENTRY--TOPICAL TERM
Topical term or geographic name as entry element Art and society
General subdivision United States
942 ## - ADDED ENTRY ELEMENTS (KOHA)
Koha item type Books
Source of classification or shelving scheme Library of Congress Classification
Call number prefix Foreign
Holdings
Withdrawn status Lost status Source of classification or shelving scheme Damaged status Home library Current library Shelving location Date acquired Source of acquisition Cost, normal purchase price Total Checkouts Full call number Barcode Date last seen Copy number Price effective from Koha item type
    Library of Congress Classification   College Library College Library General Circulation Section 10/18/2012 Donation 1646.25   LB 1591.5.U57 .D38 2008 C16418 05/15/2018 1 10/10/2013 Books

Why our schools need the arts /

APA

Davis J. H., . (2008). Why our schools need the arts. New York, United States: Teachers College Press.

Chicago

Davis Jessica Hoffmann, . 2008. Why our schools need the arts. New York, United States: Teachers College Press.

Harvard

Davis J. H., . (2008). Why our schools need the arts. New York, United States: Teachers College Press.

MLA

Davis Jessica Hoffmann, . Why our schools need the arts. New York, United States: Teachers College Press. 2008.

  • Place hold
  • Print
  • Cite
  • Add to your cart (remove)
  • Save record
    BIBTEX Dublin Core MARCXML MARC (non-Unicode/MARC-8) MARC (Unicode/UTF-8) MARC (Unicode/UTF-8, Standard) MODS (XML) RIS
  • More searches
    Search for this title in:
    Other Libraries (WorldCat) Other Databases (Google Scholar) Online Stores (Bookfinder.com) Open Library (openlibrary.org)

Exporting to Dublin Core...

SOUTHVILLE LIBRARY

Southville International School and Colleges Library

1281 Tropical Ave. Cor. Luxembourg St., BF Homes International, Las Pinas City

Tel. No. 8256374 / 252358 Loc. 117/146

Powered by Koha